| 000 | 00454nam a2200121Ia 4500 | ||
|---|---|---|---|
| 008 | 160523s9999 xx 000 0 und d | ||
| 100 | _aToninelli ,Daniele. | ||
| 245 | _aMobile Research Methods: Opportunities and challenges of mobile research methodologies | ||
| 245 | _cDaniele Toninelli --- Pinter ,Robert --- Pedraza, de ,Pablo | ||
| 260 | _c2012 | ||
| 650 | _xInformation Technology. | ||
| 856 | _uhttp://ebooks.mpdl.mpg.de/ebooks/Record/EB001079281 | ||
| 999 |
_c294759 _d294759 |
||